Incentives to shake-up benefit (Record no. 71409)

MARC details
000 -LEADER
fixed length control field 01174cam a2200217 4500
001 - CONTROL NUMBER
control field WB3839-15
008 - FIXED-LENGTH DATA ELEMENTS--GENERAL INFORMATION
fixed length control field 021022n2002 000 0 eng u
035 ## - SYSTEM CONTROL NUMBER
System control number (Sirsi) u120211
245 ## - TITLE STATEMENT
Title Incentives to shake-up benefit
260 ## - PUBLICATION, DISTRIBUTION, ETC.
Date of publication, distribution, etc. 2002
490 ## - SERIES STATEMENT
Series statement RICS Residential Faculty News
Volume/sequential designation 17 October 2002, (1)
520 ## - SUMMARY, ETC.
Summary, etc. Substantial reform in benefit is proposed which will give tenants more choice about their housing needs. Government is intending to halve the time it takes councils to process claims and introduce shopping incentives to encourage claimants to look for lower rents. The scheme will be piloted in ten areas of the country before being rolled out across the UK. For the Residential Faculty News Release: http://www.rics.org/ricscms/bin/show?class=News&template=/includes/shownews.html&id=3954 For the Department for Work and Pensions News Release: http://www.dwp.gov.uk/mediacentre/pressreleases/2002/oct/fram1710-hbref.htm
590 ## - LOCAL NOTE (RLIN)
Local note WB
650 ## - SUBJECT ADDED ENTRY--TOPICAL TERM
Topical term or geographic name entry element HOUSING BENEFIT
650 ## - SUBJECT ADDED ENTRY--TOPICAL TERM
Topical term or geographic name entry element SHOPPING INCENTIVES
650 ## - SUBJECT ADDED ENTRY--TOPICAL TERM
Topical term or geographic name entry element PILOT SCHEME
650 ## - SUBJECT ADDED ENTRY--TOPICAL TERM
Topical term or geographic name entry element PRIVATE RENTED SECTOR
650 ## - SUBJECT ADDED ENTRY--TOPICAL TERM
Topical term or geographic name entry element LANDLORD AND TENANT
9 (RLIN) 6252
690 ## - LOCAL SUBJECT ADDED ENTRY--TOPICAL TERM (OCLC, RLIN)
Topical term or geographic name as entry element HOUSING
942 ## - ADDED ENTRY ELEMENTS (KOHA)
Suppress in OPAC 0
Holdings
Withdrawn status Lost status Source of classification or shelving scheme Damaged status Not for loan Home library Current library Shelving location Date acquired Total Checkouts Full call number Barcode Date last seen Copy number Price effective from Koha item type
    Dewey Decimal Classification     London London News article 22/10/2002   WB3839-15 120211-1001 06/08/2019 1 06/08/2019 News article